The Programmable Logic Data Book (Record no. 60816)

000 -LEADER
fixed length control field 00667nam a22001937a 4500
003 - CONTROL NUMBER IDENTIFIER
control field NUST-PNEC
005 - DATE AND TIME OF LATEST TRANSACTION
control field 20170116180708.0
008 - FIXED-LENGTH DATA ELEMENTS--GENERAL INFORMATION
fixed length control field 140930b xxu||||| |||| 00| 0 eng d
022 ## - INTERNATIONAL STANDARD SERIAL NUMBER
International Standard Serial Number B000KH1M1E
040 ## - CATALOGING SOURCE
Transcribing agency PNEC
082 ## - DEWEY DECIMAL CLASSIFICATION NUMBER
Classification number 621.395 XIL
100 ## - MAIN ENTRY--PERSONAL NAME
9 (RLIN) 428
Personal name Xilinx
245 ## - TITLE STATEMENT
Title The Programmable Logic Data Book
Statement of responsibility, etc. Xilinx
260 ## - PUBLICATION, DISTRIBUTION, ETC.
Place of publication, distribution, etc. California
Name of publisher, distributor, etc. San Jose, California
Date of publication, distribution, etc. 1999
300 ## - PHYSICAL DESCRIPTION
Extent various pagings. :
Other physical details ill. ;
Dimensions 23 cm.
500 ## - GENERAL NOTE
General note Includes Index http://www.amazon.com/XILINX-Programmable-Logic-Data-Book/dp/B000KH1M1E/ref=sr_1_1?s=books&ie=UTF8&qid=1412056736&sr=1-1&keywords=XILINX++THE+PROGRAMMABLE+LOGIC+DATA+BOOK
650 ## - SUBJECT ADDED ENTRY--TOPICAL TERM
General subdivision EL
942 ## - ADDED ENTRY ELEMENTS (KOHA)
Source of classification or shelving scheme
Koha item type Book
Holdings
Withdrawn status Lost status Source of classification or shelving scheme Damaged status Not for loan Permanent Location Current Location Shelving location Date acquired Cost, normal purchase price Total Checkouts Full call number Barcode Date last seen Cost, replacement price Price effective from Koha item type
          Pakistan Navy Engineering College (PNEC) Pakistan Navy Engineering College (PNEC) Reference   1300.00   621.395 XIL PNECLIB-025385 09/30/2014 1300.00 09/30/2014 Book
© 2023 Central Library, National University of Sciences and Technology. All Rights Reserved.